<?xml version="1.0" encoding="UTF-8"?>
<record
    xmlns:xsi="http://www.w3.org/2001/XMLSchema-instance"
    xsi:schemaLocation="http://www.loc.gov/MARC21/slim http://www.loc.gov/standards/marcxml/schema/MARC21slim.xsd"
    xmlns="http://www.loc.gov/MARC21/slim">

  <leader>04307nam a2200517 i 4500</leader>
  <controlfield tag="003">EG-ScBUE</controlfield>
  <controlfield tag="005">20231109103327.0</controlfield>
  <controlfield tag="008">141120s2000    ua a   f be  f001 0 ara d</controlfield>
  <datafield tag="020" ind1=" " ind2=" ">
    <subfield code="a">9770167541 (&#x62C;.1)</subfield>
  </datafield>
  <datafield tag="020" ind1=" " ind2=" ">
    <subfield code="a">9770167533 (&#x62C;.2)</subfield>
  </datafield>
  <datafield tag="020" ind1=" " ind2=" ">
    <subfield code="a">9770167746 (&#x62C;.3)</subfield>
  </datafield>
  <datafield tag="020" ind1=" " ind2=" ">
    <subfield code="a">9770167754 (&#x62C;.4)</subfield>
  </datafield>
  <datafield tag="020" ind1=" " ind2=" ">
    <subfield code="a">9770167762 (&#x62C;.5)</subfield>
  </datafield>
  <datafield tag="020" ind1=" " ind2=" ">
    <subfield code="a">9770167776 (6.&#x62C;)</subfield>
  </datafield>
  <datafield tag="020" ind1=" " ind2=" ">
    <subfield code="a">9770167789 (&#x62C;.7)</subfield>
  </datafield>
  <datafield tag="020" ind1=" " ind2=" ">
    <subfield code="a">9770167797 (&#x62C;.8)</subfield>
  </datafield>
  <datafield tag="020" ind1=" " ind2=" ">
    <subfield code="a">9770167800 (&#x62C;.9)</subfield>
  </datafield>
  <datafield tag="020" ind1=" " ind2=" ">
    <subfield code="a">9770167819 (&#x62C;.10)</subfield>
  </datafield>
  <datafield tag="020" ind1=" " ind2=" ">
    <subfield code="a">9770167827 (&#x62C;.11)</subfield>
  </datafield>
  <datafield tag="020" ind1=" " ind2=" ">
    <subfield code="a">9770167835 (&#x62C;.12)</subfield>
  </datafield>
  <datafield tag="020" ind1=" " ind2=" ">
    <subfield code="a">9770167843 (&#x62C;.13)</subfield>
  </datafield>
  <datafield tag="020" ind1=" " ind2=" ">
    <subfield code="a">9770169064 (&#x62C;.14)</subfield>
  </datafield>
  <datafield tag="020" ind1=" " ind2=" ">
    <subfield code="a">9770169072 (&#x62C;.15)</subfield>
  </datafield>
  <datafield tag="020" ind1=" " ind2=" ">
    <subfield code="a">9770167878 (&#x62C;.16)</subfield>
  </datafield>
  <datafield tag="020" ind1=" " ind2=" ">
    <subfield code="a">977016786x (&#x62C;.17)</subfield>
  </datafield>
  <datafield tag="020" ind1=" " ind2=" ">
    <subfield code="a">9770167851 (&#x62C;.18)</subfield>
  </datafield>
  <datafield tag="040" ind1=" " ind2=" ">
    <subfield code="a">EG-ScBUE</subfield>
    <subfield code="b">ara</subfield>
    <subfield code="e">rda</subfield>
    <subfield code="c">EG-ScBUE</subfield>
    <subfield code="d">EG-ScBUE</subfield>
  </datafield>
  <datafield tag="043" ind1=" " ind2=" ">
    <subfield code="a">f-ua---</subfield>
  </datafield>
  <datafield tag="082" ind1="0" ind2="4">
    <subfield code="a">932</subfield>
    <subfield code="b">&#x62D; &#x633; &#x646;</subfield>
    <subfield code="2">22</subfield>
  </datafield>
  <datafield tag="100" ind1="1" ind2=" ">
    <subfield code="a">&#x62D;&#x633;&#x646;&#x60C; &#x633;&#x644;&#x64A;&#x645;&#x60C;</subfield>
    <subfield code="d">1893-1961&#x60C;</subfield>
    <subfield code="e">&#x645;&#x624;&#x644;&#x641;.</subfield>
    <subfield code="9">31729</subfield>
  </datafield>
  <datafield tag="245" ind1="1" ind2="0">
    <subfield code="a">&#x645;&#x648;&#x633;&#x648;&#x639;&#x629; &#x645;&#x635;&#x631; &#x627;&#x644;&#x642;&#x62F;&#x64A;&#x645;&#x629; /</subfield>
    <subfield code="c">&#x633;&#x644;&#x64A;&#x645; &#x62D;&#x633;&#x646;.</subfield>
  </datafield>
  <datafield tag="246" ind1="3" ind2="4">
    <subfield code="a">&#x645;&#x635;&#x631; &#x627;&#x644;&#x642;&#x62F;&#x64A;&#x645;&#x629;</subfield>
  </datafield>
  <datafield tag="264" ind1=" " ind2="1">
    <subfield code="a">[&#x627;&#x644;&#x642;&#x627;&#x647;&#x631;&#x629;] :</subfield>
    <subfield code="b">&#x627;&#x644;&#x647;&#x64A;&#x626;&#x629; &#x627;&#x644;&#x645;&#x635;&#x631;&#x64A;&#x629; &#x627;&#x644;&#x639;&#x627;&#x645;&#x629; &#x644;&#x644;&#x643;&#x62A;&#x627;&#x628;&#x60C;</subfield>
    <subfield code="c">2000.</subfield>
  </datafield>
  <datafield tag="300" ind1=" " ind2=" ">
    <subfield code="a">18 &#x645;&#x62C;&#x644;&#x62F; :</subfield>
    <subfield code="b">&#x625;&#x64A;&#x636;&#x627;&#x62D;&#x64A;&#x627;&#x62A; &#x61B;</subfield>
    <subfield code="c">23 &#x633;&#x645;.</subfield>
  </datafield>
  <datafield tag="336" ind1=" " ind2=" ">
    <subfield code="2">rdacontent</subfield>
    <subfield code="a">&#x646;&#x635;</subfield>
    <subfield code="b">txt</subfield>
  </datafield>
  <datafield tag="337" ind1=" " ind2=" ">
    <subfield code="a">&#x628;&#x62F;&#x648;&#x646; &#x648;&#x633;&#x64A;&#x637;</subfield>
    <subfield code="2">rdamedia</subfield>
    <subfield code="b">n</subfield>
  </datafield>
  <datafield tag="338" ind1=" " ind2=" ">
    <subfield code="a">&#x645;&#x62C;&#x644;&#x62F;</subfield>
    <subfield code="b">nc</subfield>
    <subfield code="2">rdacarrier</subfield>
  </datafield>
  <datafield tag="490" ind1="0" ind2=" ">
    <subfield code="a">&#x645;&#x647;&#x631;&#x62C;&#x627;&#x646; &#x627;&#x644;&#x642;&#x631;&#x627;&#x621;&#x629; &#x644;&#x644;&#x62C;&#x645;&#x64A;&#x639;.</subfield>
    <subfield code="a">&#x645;&#x643;&#x62A;&#x628;&#x629; &#x627;&#x644;&#x623;&#x633;&#x631;&#x629;</subfield>
  </datafield>
  <datafield tag="504" ind1=" " ind2=" ">
    <subfield code="a">&#x64A;&#x634;&#x62A;&#x645;&#x644; &#x639;&#x644;&#x649; &#x625;&#x631;&#x62C;&#x627;&#x639;&#x627;&#x62A; &#x628;&#x628;&#x644;&#x64A;&#x648;&#x62C;&#x631;&#x627;&#x641;&#x64A;&#x629; &#x648;&#x643;&#x634;&#x627;&#x641;&#x627;&#x62A;.</subfield>
  </datafield>
  <datafield tag="505" ind1="0" ind2=" ">
    <subfield code="a">&#x627;&#x644;&#x645;&#x62D;&#x62A;&#x648;&#x64A;&#x627;&#x62A; : &#x627;&#x644;&#x645;&#x62C;&#x644;&#x62F; &#x627;&#x644;&#x623;&#x648;&#x644;. &#x641;&#x649; &#x639;&#x635;&#x631; &#x645;&#x627; &#x642;&#x628;&#x644; &#x627;&#x644;&#x62A;&#x627;&#x631;&#x64A;&#x62E; &#x627;&#x644;&#x649; &#x646;&#x647;&#x627;&#x64A;&#x629; &#x627;&#x644;&#x639;&#x635;&#x631; &#x627;&#x644;&#x623;&#x647;&#x646;&#x627;&#x633;&#x649; -- &#x627;&#x644;&#x645;&#x62C;&#x644;&#x62F; &#x627;&#x644;&#x62B;&#x627;&#x646;&#x64A;. &#x641;&#x649; &#x645;&#x62F;&#x64A;&#x646;&#x629;&#x645;&#x635;&#x631; &#x648;&#x62B;&#x642;&#x627;&#x641;&#x62A;&#x647;&#x627; &#x641;&#x649; &#x627;&#x644;&#x62F;&#x648;&#x644;&#x629; &#x627;&#x644;&#x642;&#x62F;&#x64A;&#x645;&#x629; &#x648;&#x627;&#x644;&#x639;&#x647;&#x62F; &#x627;&#x644;&#x623;&#x647;&#x646;&#x627;&#x633;&#x649; -- &#x627;&#x644;&#x645;&#x62C;&#x644;&#x62F; &#x627;&#x644;&#x62B;&#x627;&#x644;&#x62B;. &#x641;&#x649; &#x62A;&#x627;&#x631;&#x64A;&#x62E; &#x627;&#x644;&#x62F;&#x648;&#x644;&#x629; &#x627;&#x644;&#x648;&#x633;&#x637;&#x649; &#x648;&#x645;&#x62F;&#x64A;&#x646;&#x62A;&#x647;&#x627; &#x648;&#x639;&#x644;&#x627;&#x642;&#x62A;&#x647;&#x627; &#x628;&#x627;&#x644;&#x633;&#x648;&#x62F;&#x627;&#x646; &#x648;&#x627;&#x644;&#x623;&#x642;&#x637;&#x627;&#x631; &#x627;&#x644;&#x622;&#x633;&#x64A;&#x648;&#x64A;&#x629; &#x648;&#x627;&#x644;&#x639;&#x631;&#x628;&#x64A;&#x629; -- &#x627;&#x644;&#x645;&#x62C;&#x644;&#x62F; &#x627;&#x644;&#x631;&#x627;&#x628;&#x639;. &#x639;&#x647;&#x62F; &#x627;&#x644;&#x647;&#x643;&#x633;&#x648;&#x633; &#x648;&#x62A;&#x623;&#x633;&#x64A;&#x633; &#x627;&#x644;&#x625;&#x645;&#x628;&#x631;&#x627;&#x637;&#x648;&#x631;&#x64A;&#x629; -- &#x627;&#x644;&#x645;&#x62C;&#x644;&#x62F; &#x627;&#x644;&#x62E;&#x627;&#x645;&#x633;. &#x627;&#x644;&#x633;&#x64A;&#x627;&#x62F;&#x629; &#x627;&#x644;&#x639;&#x627;&#x644;&#x645;&#x64A;&#x629; &#x648;&#x627;&#x644;&#x62A;&#x648;&#x62D;&#x64A;&#x62F; -- &#x627;&#x644;&#x645;&#x62C;&#x644;&#x62F; &#x627;&#x644;&#x633;&#x627;&#x62F;&#x633;. &#x639;&#x635;&#x631; &#x631;&#x639;&#x645;&#x633;&#x64A;&#x633; &#x627;&#x644;&#x62B;&#x627;&#x646;&#x649; &#x648;&#x642;&#x64A;&#x627;&#x645; &#x627;&#x644;&#x625;&#x645;&#x628;&#x631;&#x627;&#x637;&#x648;&#x631;&#x64A;&#x629; &#x627;&#x644;&#x62B;&#x627;&#x646;&#x64A;&#x629; -- &#x627;&#x644;&#x645;&#x62C;&#x644;&#x62F; &#x627;&#x644;&#x633;&#x627;&#x628;&#x639;&#x629;. &#x639;&#x635;&#x631; &#x645;&#x631;&#x646;&#x628;&#x62A;&#x627;&#x62D; &#x648;&#x631;&#x639;&#x645;&#x633;&#x64A;&#x633; &#x627;&#x644;&#x62B;&#x627;&#x644;&#x62B; &#x648;&#x644;&#x645;&#x62D;&#x629; &#x641;&#x649; &#x62A;&#x627;&#x631;&#x64A;&#x62E; &#x644;&#x648;&#x628;&#x64A;&#x629; -- &#x627;&#x644;&#x645;&#x62C;&#x644;&#x62F; &#x627;&#x644;&#x62B;&#x627;&#x645;&#x646;. &#x646;&#x647;&#x627;&#x64A;&#x629; &#x639;&#x635;&#x631; &#x627;&#x644;&#x631;&#x639;&#x627;&#x645;&#x633;&#x629; &#x648;&#x642;&#x64A;&#x627;&#x645; &#x62F;&#x648;&#x644;&#x629; &#x627;&#x644;&#x643;&#x647;&#x646;&#x629; &#x628;&#x637;&#x64A;&#x628;&#x629; &#x641;&#x64A; &#x639;&#x647;&#x62F; &#x627;&#x644;&#x623;&#x633;&#x631;&#x647; &#x627;&#x644;&#x648;&#x627;&#x62D;&#x62F;&#x647; &#x648;&#x627;&#x644;&#x639;&#x634;&#x631;&#x64A;&#x646; -- &#x627;&#x644;&#x645;&#x62C;&#x644;&#x62F; &#x627;&#x644;&#x62A;&#x627;&#x633;&#x639;. &#x646;&#x647;&#x627;&#x64A;&#x629; &#x627;&#x644;&#x623;&#x633;&#x631;&#x629; &#x627;&#x644;&#x648;&#x627;&#x62D;&#x62F;&#x629; &#x648;&#x627;&#x644;&#x639;&#x634;&#x631;&#x64A;&#x646; &#x648;&#x62D;&#x643;&#x645; &#x62F;&#x648;&#x644;&#x629; &#x627;&#x644;&#x644;&#x648;&#x628;&#x64A;&#x64A;&#x646; &#x644;&#x645;&#x635;&#x631; &#x62D;&#x62A;&#x649; &#x628;&#x62F;&#x627;&#x64A;&#x647; &#x627;&#x644;&#x639;&#x647;&#x62F; &#x627;&#x644;&#x623;&#x62B;&#x64A;&#x648;&#x628;&#x64A; &#x648;&#x644;&#x645;&#x62D;&#x629; &#x641;&#x64A; &#x62A;&#x627;&#x631;&#x64A;&#x62E; &#x627;&#x644;&#x639;&#x628;&#x631;&#x627;&#x646;&#x64A;&#x64A;&#x646; -- &#x627;&#x644;&#x645;&#x62C;&#x644;&#x62F; &#x627;&#x644;&#x639;&#x627;&#x634;&#x631;. &#x62A;&#x627;&#x631;&#x64A;&#x62E; &#x627;&#x644;&#x633;&#x648;&#x62F;&#x627;&#x646; &#x627;&#x644;&#x645;&#x642;&#x627;&#x631;&#x646; &#x625;&#x644;&#x649; &#x623;&#x648;&#x627;&#x626;&#x644; &#x639;&#x647;&#x62F; &#x628;&#x64A;&#x639;&#x646;&#x62C;&#x649; -- &#x627;&#x644;&#x645;&#x62C;&#x644;&#x62F; &#x627;&#x644;&#x62D;&#x627;&#x62F;&#x64A; &#x639;&#x634;&#x631;. &#x62A;&#x627;&#x631;&#x64A;&#x62E; &#x645;&#x635;&#x631; &#x648;&#x627;&#x644;&#x633;&#x648;&#x62F;&#x627;&#x646; &#x645;&#x646; &#x623;&#x648;&#x644; &#x639;&#x647;&#x62F; &#x628;&#x64A;&#x639;&#x646;&#x62C;&#x649; &#x62D;&#x62A;&#x649; &#x646;&#x647;&#x627;&#x64A;&#x629; &#x627;&#x644;&#x623;&#x633;&#x631;&#x629; &#x627;&#x644;&#x62E;&#x627;&#x645;&#x633;&#x629; &#x648;&#x627;&#x644;&#x639;&#x634;&#x631;&#x64A;&#x646; &#x648;&#x644;&#x645;&#x62D;&#x647; &#x641;&#x64A; &#x62A;&#x627;&#x631;&#x64A;&#x62E; &#x622;&#x634;&#x648;&#x631; -- &#x627;&#x644;&#x645;&#x62C;&#x644;&#x62F; &#x627;&#x644;&#x62B;&#x627;&#x646;&#x64A; &#x639;&#x634;&#x631;. &#x641;&#x649; &#x639;&#x647;&#x62F; &#x627;&#x644;&#x646;&#x647;&#x636;&#x629; &#x627;&#x644;&#x645;&#x635;&#x631;&#x64A;&#x629; &#x648;&#x644;&#x645;&#x62D;&#x629; &#x641;&#x649; &#x62A;&#x627;&#x631;&#x64A;&#x62E; &#x627;&#x644;&#x625;&#x63A;&#x631;&#x64A;&#x642; -- &#x627;&#x644;&#x645;&#x62C;&#x644;&#x62F; &#x627;&#x644;&#x62B;&#x627;&#x644;&#x62B; &#x639;&#x634;&#x631;. &#x645;&#x646; &#x627;&#x644;&#x639;&#x647;&#x62F; &#x627;&#x644;&#x641;&#x627;&#x631;&#x633;&#x649; &#x625;&#x644;&#x649; &#x62F;&#x62E;&#x648;&#x644; &#x627;&#x644;&#x625;&#x633;&#x643;&#x646;&#x62F;&#x631; &#x627;&#x644;&#x623;&#x643;&#x628;&#x631; &#x645;&#x635;&#x631; -- &#x627;&#x644;&#x645;&#x62C;&#x644;&#x62F; &#x627;&#x644;&#x631;&#x627;&#x628;&#x639; &#x639;&#x634;&#x631;. &#x627;&#x644;&#x625;&#x633;&#x643;&#x646;&#x62F;&#x631; &#x627;&#x644;&#x623;&#x643;&#x628;&#x631; &#x648;&#x628;&#x62F;&#x627;&#x64A;&#x629; &#x639;&#x647;&#x62F; &#x627;&#x644;&#x628;&#x637;&#x627;&#x644;&#x645;&#x629; &#x641;&#x649; &#x645;&#x635;&#x631; -- &#x627;&#x644;&#x645;&#x62C;&#x644;&#x62F; &#x627;&#x644;&#x62E;&#x627;&#x645;&#x633; &#x639;&#x634;&#x631;. &#x645;&#x646; &#x623;&#x648;&#x627;&#x62E;&#x631; &#x639;&#x647;&#x62F; &#x628;&#x637;&#x644;&#x64A;&#x645;&#x648;&#x633; &#x627;&#x644;&#x62B;&#x627;&#x646;&#x649; &#x625;&#x644;&#x649; &#x622;&#x62E;&#x631; &#x639;&#x647;&#x62F; &#x628;&#x637;&#x644;&#x64A;&#x645;&#x648;&#x633; &#x627;&#x644;&#x631;&#x627;&#x628;&#x639; -- &#x627;&#x644;&#x645;&#x62C;&#x644;&#x62F; &#x627;&#x644;&#x633;&#x627;&#x62F;&#x633; &#x639;&#x634;&#x631;. &#x645;&#x646; &#x639;&#x647;&#x62F; &#x628;&#x637;&#x644;&#x64A;&#x645;&#x648;&#x633; &#x627;&#x644;&#x62E;&#x627;&#x645;&#x633; &#x625;&#x644;&#x649; &#x646;&#x647;&#x627;&#x64A;&#x629; &#x639;&#x647;&#x62F; &#x628;&#x637;&#x644;&#x64A;&#x645;&#x648;&#x633; &#x627;&#x644;&#x633;&#x627;&#x628;&#x639; &#x645;&#x639; &#x641;&#x635;&#x644; &#x641;&#x64A; &#x639;&#x628;&#x627;&#x62F;&#x629; &#x627;&#x644;&#x62D;&#x64A;&#x648;&#x627;&#x646; &#x641;&#x64A; &#x627;&#x644;&#x639;&#x647;&#x648;&#x62F; &#x627;&#x644;&#x645;&#x62A;&#x623;&#x62E;&#x631;&#x629; -- &#x627;&#x644;&#x645;&#x62C;&#x644;&#x62F; &#x627;&#x644;&#x633;&#x627;&#x628;&#x639; &#x639;&#x634;&#x631;. &#x627;&#x644;&#x623;&#x62F;&#x628; &#x627;&#x644;&#x645;&#x635;&#x631;&#x64A; &#x627;&#x644;&#x642;&#x62F;&#x64A;&#x645; &#x641;&#x649; &#x627;&#x644;&#x642;&#x635;&#x629; &#x648;&#x627;&#x644;&#x62D;&#x643;&#x645; &#x648;&#x627;&#x644;&#x623;&#x645;&#x62B;&#x627;&#x644; &#x648;&#x627;&#x644;&#x62A;&#x623;&#x645;&#x644;&#x627;&#x62A; &#x648;&#x627;&#x644;&#x631;&#x633;&#x627;&#x626;&#x644; &#x627;&#x644;&#x623;&#x62F;&#x628;&#x64A;&#x629; -- &#x627;&#x644;&#x645;&#x62C;&#x644;&#x62F; &#x627;&#x644;&#x62B;&#x627;&#x645;&#x646; &#x639;&#x634;&#x631;. &#x641;&#x649; &#x627;&#x644;&#x634;&#x639;&#x631; &#x648;&#x641;&#x646;&#x648;&#x646;&#x647; &#x648;&#x627;&#x644;&#x645;&#x633;&#x631;&#x62D;.</subfield>
  </datafield>
  <datafield tag="651" ind1=" " ind2="7">
    <subfield code="2">BUEsh</subfield>
    <subfield code="a">&#x645;&#x635;&#x631; &#x627;&#x644;&#x642;&#x62F;&#x64A;&#x645;&#x629;</subfield>
    <subfield code="x">&#x62A;&#x627;&#x631;&#x64A;&#x62E;</subfield>
    <subfield code="v">&#x62F;&#x648;&#x627;&#x626;&#x631; &#x645;&#x639;&#x627;&#x631;&#x641;.</subfield>
    <subfield code="9">37351</subfield>
  </datafield>
  <datafield tag="653" ind1=" " ind2=" ">
    <subfield code="b">ARALIT</subfield>
    <subfield code="c">November2014</subfield>
    <subfield code="c">January2015</subfield>
  </datafield>
  <datafield tag="655" ind1=" " ind2=" ">
    <subfield code="v">Reading book</subfield>
  </datafield>
  <datafield tag="830" ind1=" " ind2="0">
    <subfield code="a">&#x645;&#x647;&#x631;&#x62C;&#x627;&#x646; &#x627;&#x644;&#x642;&#x631;&#x627;&#x621;&#x629; &#x644;&#x644;&#x62C;&#x645;&#x64A;&#x639;.</subfield>
    <subfield code="p">&#x645;&#x643;&#x62A;&#x628;&#x629; &#x627;&#x644;&#x623;&#x633;&#x631;&#x629;</subfield>
  </datafield>
  <datafield tag="942" ind1=" " ind2=" ">
    <subfield code="2">ddc</subfield>
  </datafield>
  <datafield tag="999" ind1=" " ind2=" ">
    <subfield code="c">18807</subfield>
    <subfield code="d">18779</subfield>
  </datafield>
  <datafield tag="952" ind1=" " ind2=" ">
    <subfield code="0">0</subfield>
    <subfield code="1">0</subfield>
    <subfield code="2">ddc</subfield>
    <subfield code="4">0</subfield>
    <subfield code="7">0</subfield>
    <subfield code="8">sorazbk</subfield>
    <subfield code="a">MAIN</subfield>
    <subfield code="b">MAIN</subfield>
    <subfield code="c">2ND</subfield>
    <subfield code="d">2014-12-21</subfield>
    <subfield code="e">Purchase</subfield>
    <subfield code="g">18.00</subfield>
    <subfield code="o">932 &#x62D; &#x633; &#x646;</subfield>
    <subfield code="p">000029775</subfield>
    <subfield code="r">2025-07-15 00:00:00</subfield>
    <subfield code="v">22.50</subfield>
    <subfield code="y">BB</subfield>
    <subfield code="z">&#x62C;.1.</subfield>
  </datafield>
  <datafield tag="952" ind1=" " ind2=" ">
    <subfield code="0">0</subfield>
    <subfield code="1">0</subfield>
    <subfield code="2">ddc</subfield>
    <subfield code="4">0</subfield>
    <subfield code="7">0</subfield>
    <subfield code="8">sorazbk</subfield>
    <subfield code="a">MAIN</subfield>
    <subfield code="b">MAIN</subfield>
    <subfield code="c">2ND</subfield>
    <subfield code="d">2014-12-21</subfield>
    <subfield code="e">Purchase</subfield>
    <subfield code="g">18.00</subfield>
    <subfield code="o">932 &#x62D; &#x633; &#x646;</subfield>
    <subfield code="p">000029776</subfield>
    <subfield code="r">2025-07-15 00:00:00</subfield>
    <subfield code="v">22.50</subfield>
    <subfield code="y">BB</subfield>
    <subfield code="z">&#x62C;.2.</subfield>
  </datafield>
  <datafield tag="952" ind1=" " ind2=" ">
    <subfield code="0">0</subfield>
    <subfield code="1">0</subfield>
    <subfield code="2">ddc</subfield>
    <subfield code="4">0</subfield>
    <subfield code="7">0</subfield>
    <subfield code="8">sorazbk</subfield>
    <subfield code="a">MAIN</subfield>
    <subfield code="b">MAIN</subfield>
    <subfield code="c">2ND</subfield>
    <subfield code="d">2014-12-21</subfield>
    <subfield code="e">Purchase</subfield>
    <subfield code="g">18.00</subfield>
    <subfield code="o">932 &#x62D; &#x633; &#x646;</subfield>
    <subfield code="p">000029777</subfield>
    <subfield code="r">2025-07-15 00:00:00</subfield>
    <subfield code="s">2020-11-05</subfield>
    <subfield code="v">22.50</subfield>
    <subfield code="y">BB</subfield>
    <subfield code="z">&#x62C;.3.</subfield>
  </datafield>
  <datafield tag="952" ind1=" " ind2=" ">
    <subfield code="0">0</subfield>
    <subfield code="1">0</subfield>
    <subfield code="2">ddc</subfield>
    <subfield code="4">0</subfield>
    <subfield code="7">0</subfield>
    <subfield code="8">sorazbk</subfield>
    <subfield code="a">MAIN</subfield>
    <subfield code="b">MAIN</subfield>
    <subfield code="c">2ND</subfield>
    <subfield code="d">2014-12-21</subfield>
    <subfield code="e">Purchase</subfield>
    <subfield code="g">18.00</subfield>
    <subfield code="o">932 &#x62D; &#x633; &#x646;</subfield>
    <subfield code="p">000029778</subfield>
    <subfield code="r">2025-07-15 00:00:00</subfield>
    <subfield code="v">22.50</subfield>
    <subfield code="y">BB</subfield>
    <subfield code="z">&#x62C;.4.</subfield>
  </datafield>
  <datafield tag="952" ind1=" " ind2=" ">
    <subfield code="0">0</subfield>
    <subfield code="1">0</subfield>
    <subfield code="2">ddc</subfield>
    <subfield code="4">0</subfield>
    <subfield code="7">0</subfield>
    <subfield code="8">sorazbk</subfield>
    <subfield code="a">MAIN</subfield>
    <subfield code="b">MAIN</subfield>
    <subfield code="c">2ND</subfield>
    <subfield code="d">2014-12-21</subfield>
    <subfield code="e">Purchase</subfield>
    <subfield code="g">18.00</subfield>
    <subfield code="o">932 &#x62D; &#x633; &#x646;</subfield>
    <subfield code="p">000029779</subfield>
    <subfield code="r">2025-07-15 00:00:00</subfield>
    <subfield code="v">22.50</subfield>
    <subfield code="y">BB</subfield>
    <subfield code="z">&#x62C;.5.</subfield>
  </datafield>
  <datafield tag="952" ind1=" " ind2=" ">
    <subfield code="0">0</subfield>
    <subfield code="1">0</subfield>
    <subfield code="2">ddc</subfield>
    <subfield code="4">0</subfield>
    <subfield code="7">0</subfield>
    <subfield code="8">sorazbk</subfield>
    <subfield code="a">MAIN</subfield>
    <subfield code="b">MAIN</subfield>
    <subfield code="c">2ND</subfield>
    <subfield code="d">2014-12-21</subfield>
    <subfield code="e">Purchase</subfield>
    <subfield code="g">18.00</subfield>
    <subfield code="o">932 &#x62D; &#x633; &#x646;</subfield>
    <subfield code="p">000029780</subfield>
    <subfield code="r">2025-07-15 00:00:00</subfield>
    <subfield code="v">22.50</subfield>
    <subfield code="y">BB</subfield>
    <subfield code="z">&#x62C;.6.</subfield>
  </datafield>
  <datafield tag="952" ind1=" " ind2=" ">
    <subfield code="0">0</subfield>
    <subfield code="1">0</subfield>
    <subfield code="2">ddc</subfield>
    <subfield code="4">0</subfield>
    <subfield code="7">0</subfield>
    <subfield code="8">sorazbk</subfield>
    <subfield code="a">MAIN</subfield>
    <subfield code="b">MAIN</subfield>
    <subfield code="c">2ND</subfield>
    <subfield code="d">2014-12-21</subfield>
    <subfield code="e">Purchase</subfield>
    <subfield code="g">18.00</subfield>
    <subfield code="o">932 &#x62D; &#x633; &#x646;</subfield>
    <subfield code="p">000029781</subfield>
    <subfield code="r">2025-07-15 00:00:00</subfield>
    <subfield code="v">22.50</subfield>
    <subfield code="y">BB</subfield>
    <subfield code="z">&#x62C;.7.</subfield>
  </datafield>
  <datafield tag="952" ind1=" " ind2=" ">
    <subfield code="0">0</subfield>
    <subfield code="1">0</subfield>
    <subfield code="2">ddc</subfield>
    <subfield code="4">0</subfield>
    <subfield code="7">0</subfield>
    <subfield code="8">sorazbk</subfield>
    <subfield code="a">MAIN</subfield>
    <subfield code="b">MAIN</subfield>
    <subfield code="c">2ND</subfield>
    <subfield code="d">2014-12-21</subfield>
    <subfield code="e">Purchase</subfield>
    <subfield code="g">18.00</subfield>
    <subfield code="o">932 &#x62D; &#x633; &#x646;</subfield>
    <subfield code="p">000029782</subfield>
    <subfield code="r">2025-07-15 00:00:00</subfield>
    <subfield code="v">22.50</subfield>
    <subfield code="y">BB</subfield>
    <subfield code="z">&#x62C;.8.</subfield>
  </datafield>
  <datafield tag="952" ind1=" " ind2=" ">
    <subfield code="0">0</subfield>
    <subfield code="1">0</subfield>
    <subfield code="2">ddc</subfield>
    <subfield code="4">0</subfield>
    <subfield code="7">0</subfield>
    <subfield code="8">sorazbk</subfield>
    <subfield code="a">MAIN</subfield>
    <subfield code="b">MAIN</subfield>
    <subfield code="c">2ND</subfield>
    <subfield code="d">2014-12-21</subfield>
    <subfield code="e">Purchase</subfield>
    <subfield code="g">18.00</subfield>
    <subfield code="o">932 &#x62D; &#x633; &#x646;</subfield>
    <subfield code="p">000029783</subfield>
    <subfield code="r">2025-07-15 00:00:00</subfield>
    <subfield code="s">2018-09-25</subfield>
    <subfield code="v">22.50</subfield>
    <subfield code="y">BB</subfield>
    <subfield code="z">&#x62C;.9.</subfield>
  </datafield>
  <datafield tag="952" ind1=" " ind2=" ">
    <subfield code="0">0</subfield>
    <subfield code="1">0</subfield>
    <subfield code="2">ddc</subfield>
    <subfield code="4">0</subfield>
    <subfield code="7">0</subfield>
    <subfield code="8">sorazbk</subfield>
    <subfield code="a">MAIN</subfield>
    <subfield code="b">MAIN</subfield>
    <subfield code="c">2ND</subfield>
    <subfield code="d">2014-12-21</subfield>
    <subfield code="e">Purchase</subfield>
    <subfield code="g">18.00</subfield>
    <subfield code="o">932 &#x62D; &#x633; &#x646;</subfield>
    <subfield code="p">000029784</subfield>
    <subfield code="r">2025-07-15 00:00:00</subfield>
    <subfield code="v">22.50</subfield>
    <subfield code="y">BB</subfield>
    <subfield code="z">&#x62C;.10.</subfield>
  </datafield>
  <datafield tag="952" ind1=" " ind2=" ">
    <subfield code="0">0</subfield>
    <subfield code="1">0</subfield>
    <subfield code="2">ddc</subfield>
    <subfield code="4">0</subfield>
    <subfield code="7">0</subfield>
    <subfield code="8">sorazbk</subfield>
    <subfield code="a">MAIN</subfield>
    <subfield code="b">MAIN</subfield>
    <subfield code="c">2ND</subfield>
    <subfield code="d">2014-12-21</subfield>
    <subfield code="e">Purchase</subfield>
    <subfield code="g">18.00</subfield>
    <subfield code="o">932 &#x62D; &#x633; &#x646;</subfield>
    <subfield code="p">000029785</subfield>
    <subfield code="r">2025-07-15 00:00:00</subfield>
    <subfield code="v">22.50</subfield>
    <subfield code="y">BB</subfield>
    <subfield code="z">&#x62C;.11.</subfield>
  </datafield>
  <datafield tag="952" ind1=" " ind2=" ">
    <subfield code="0">0</subfield>
    <subfield code="1">0</subfield>
    <subfield code="2">ddc</subfield>
    <subfield code="4">0</subfield>
    <subfield code="7">0</subfield>
    <subfield code="8">sorazbk</subfield>
    <subfield code="a">MAIN</subfield>
    <subfield code="b">MAIN</subfield>
    <subfield code="c">2ND</subfield>
    <subfield code="d">2014-12-21</subfield>
    <subfield code="e">Purchase</subfield>
    <subfield code="g">18.00</subfield>
    <subfield code="o">932 &#x62D; &#x633; &#x646;</subfield>
    <subfield code="p">000029786</subfield>
    <subfield code="r">2025-07-15 00:00:00</subfield>
    <subfield code="v">22.50</subfield>
    <subfield code="y">BB</subfield>
    <subfield code="z">&#x62C;.12.</subfield>
  </datafield>
  <datafield tag="952" ind1=" " ind2=" ">
    <subfield code="0">0</subfield>
    <subfield code="1">0</subfield>
    <subfield code="2">ddc</subfield>
    <subfield code="4">0</subfield>
    <subfield code="7">0</subfield>
    <subfield code="8">sorazbk</subfield>
    <subfield code="a">MAIN</subfield>
    <subfield code="b">MAIN</subfield>
    <subfield code="c">2ND</subfield>
    <subfield code="d">2014-12-21</subfield>
    <subfield code="e">Purchase</subfield>
    <subfield code="g">18.00</subfield>
    <subfield code="o">932 &#x62D; &#x633; &#x646;</subfield>
    <subfield code="p">000029787</subfield>
    <subfield code="r">2025-07-15 00:00:00</subfield>
    <subfield code="v">22.50</subfield>
    <subfield code="y">BB</subfield>
    <subfield code="z">&#x62C;.13.</subfield>
  </datafield>
  <datafield tag="952" ind1=" " ind2=" ">
    <subfield code="0">0</subfield>
    <subfield code="1">0</subfield>
    <subfield code="2">ddc</subfield>
    <subfield code="4">0</subfield>
    <subfield code="7">0</subfield>
    <subfield code="8">sorazbk</subfield>
    <subfield code="a">MAIN</subfield>
    <subfield code="b">MAIN</subfield>
    <subfield code="c">2ND</subfield>
    <subfield code="d">2014-12-21</subfield>
    <subfield code="e">Purchase</subfield>
    <subfield code="g">18.00</subfield>
    <subfield code="o">932 &#x62D; &#x633; &#x646;</subfield>
    <subfield code="p">000029788</subfield>
    <subfield code="r">2025-07-15 00:00:00</subfield>
    <subfield code="s">2017-08-02</subfield>
    <subfield code="v">22.50</subfield>
    <subfield code="y">BB</subfield>
    <subfield code="z">&#x62C;.14.</subfield>
  </datafield>
  <datafield tag="952" ind1=" " ind2=" ">
    <subfield code="0">0</subfield>
    <subfield code="1">0</subfield>
    <subfield code="2">ddc</subfield>
    <subfield code="4">0</subfield>
    <subfield code="7">0</subfield>
    <subfield code="8">sorazbk</subfield>
    <subfield code="a">MAIN</subfield>
    <subfield code="b">MAIN</subfield>
    <subfield code="c">2ND</subfield>
    <subfield code="d">2014-12-21</subfield>
    <subfield code="e">Purchase</subfield>
    <subfield code="g">18.00</subfield>
    <subfield code="o">932 &#x62D; &#x633; &#x646;</subfield>
    <subfield code="p">000029789</subfield>
    <subfield code="r">2025-07-15 00:00:00</subfield>
    <subfield code="v">22.50</subfield>
    <subfield code="y">BB</subfield>
    <subfield code="z">&#x62C;.15.</subfield>
  </datafield>
  <datafield tag="952" ind1=" " ind2=" ">
    <subfield code="0">0</subfield>
    <subfield code="1">0</subfield>
    <subfield code="2">ddc</subfield>
    <subfield code="4">0</subfield>
    <subfield code="7">0</subfield>
    <subfield code="8">sorazbk</subfield>
    <subfield code="a">MAIN</subfield>
    <subfield code="b">MAIN</subfield>
    <subfield code="c">2ND</subfield>
    <subfield code="d">2014-12-21</subfield>
    <subfield code="e">Purchase</subfield>
    <subfield code="g">18.00</subfield>
    <subfield code="o">932 &#x62D; &#x633; &#x646;</subfield>
    <subfield code="p">000029790</subfield>
    <subfield code="r">2025-07-15 00:00:00</subfield>
    <subfield code="v">22.50</subfield>
    <subfield code="y">BB</subfield>
    <subfield code="z">&#x62C;.16.</subfield>
  </datafield>
  <datafield tag="952" ind1=" " ind2=" ">
    <subfield code="0">0</subfield>
    <subfield code="1">0</subfield>
    <subfield code="2">ddc</subfield>
    <subfield code="4">0</subfield>
    <subfield code="7">0</subfield>
    <subfield code="8">sorazbk</subfield>
    <subfield code="a">MAIN</subfield>
    <subfield code="b">MAIN</subfield>
    <subfield code="c">2ND</subfield>
    <subfield code="d">2014-12-21</subfield>
    <subfield code="e">Purchase</subfield>
    <subfield code="g">18.00</subfield>
    <subfield code="o">932 &#x62D; &#x633; &#x646;</subfield>
    <subfield code="p">000029791</subfield>
    <subfield code="r">2025-07-15 00:00:00</subfield>
    <subfield code="v">22.50</subfield>
    <subfield code="y">BB</subfield>
    <subfield code="z">&#x62C;.17.</subfield>
  </datafield>
  <datafield tag="952" ind1=" " ind2=" ">
    <subfield code="0">0</subfield>
    <subfield code="1">0</subfield>
    <subfield code="2">ddc</subfield>
    <subfield code="4">0</subfield>
    <subfield code="7">0</subfield>
    <subfield code="8">sorazbk</subfield>
    <subfield code="a">MAIN</subfield>
    <subfield code="b">MAIN</subfield>
    <subfield code="c">2ND</subfield>
    <subfield code="d">2014-12-21</subfield>
    <subfield code="e">Purchase</subfield>
    <subfield code="g">18.00</subfield>
    <subfield code="o">932 &#x62D; &#x633; &#x646;</subfield>
    <subfield code="p">000029792</subfield>
    <subfield code="r">2025-07-15 00:00:00</subfield>
    <subfield code="v">22.50</subfield>
    <subfield code="y">BB</subfield>
    <subfield code="z">&#x62C;.18.</subfield>
  </datafield>
</record>
